000 00470nam a2200181Ia 4500
008 240925s9999 xx 000 0 und d
020 _a007125255X
082 _a621.38456 LEE
100 _aLee, William C.Y.
245 0 _aWireless & Cellular Telecommunications
250 _a3rd
260 _aBoston:
_bMC Graw-Hill
_c,2006.
300 _axiii,356p.
_bNA
_fOriginal
500 _aNA
600 _aTelecommunication Engineering
650 _aTechnology
942 _cBK
999 _c9768
_d9768